000 00697nam a2200229Ii 4500
003 JO-AjNU
008 230605s9999||||xx |||||||||||||| ||und||
017 _a2006/8/2392
020 _a9957-09-257-X
040 _aJO-AjNU
_bara
_erda
_cJO-AjNU
041 _aara
050 1 4 _aPJ7860.A488.Z21 2007
100 3 _aتأليف رنتيسي، نادر,
_eauthor
_949454
245 0 0 _aزغب أسود ((الرواية الناقصة))
250 _aط1
264 3 1 _aعمان:دار أزمنة،2006
300 _a77ص
336 _atext
_btxt
_2rdacontent
337 _aunmediated
_bn
_2rdamedia
338 _avolume
_bnc
_2rdacarrier
650 4 _aالأدب العربي - روايات
_949455
999 _aA21722
_c25290
_d25290